00547nam a2200193Ii 450000100060000000300090000600800410001502000180005604000330007404100080010708200170011510000280013224500510016026400490021130000120026033600260027233700280029833800270032620601CO-ViMGA241108s9999||||xx |||||||||||||| ||und|| a9789584698643 aCO-ViMGAbspaerdacCO-ViMGA0 aspa04a362.76 S34cu1 aFanny Silva Rodríguez10aCuenta eso mi héroe :babuso sexual infantil 1aBogotá, Colombia : Editorial Kimpres, 2016 avolumen atextbtxt2rdacontent aunmediatedbn2rdamedia avolumebnc2rdacarrier